Normal view
MARC view
Entry Personal Name
001 - CONTROL NUMBER
- control field: 624414
003 - CONTROL NUMBER IDENTIFIER
- control field: OSt
005 - DATE AND TIME OF LATEST TRANSACTION
- control field: 20221005112817.0
008 - FIXED-LENGTH DATA ELEMENTS
- fixed length control field: 221005|| aca||aabn | a|a d
040 ## - CATALOGING SOURCE
- Original cataloging agency: OSt
- Transcribing agency: OSt
100 ## - HEADING--PERSONAL NAME
- Personal name: ਬੀਰ, ਬੀ ਐਮl ਸੇਠੀ, ਸੁਰਿੰਦਰ ਬੀਰ ਸਿੰਘ
670 ## - SOURCE DATA FOUND
- Source citation: Work cat.: (OSt)1026050: ਬੀਰ, ਬੀ ਐਮl ਸੇਠੀ, ਸੁਰਿੰਦਰ ਬੀਰ ਸਿੰਘ, ਇਕ ਵਿਲੱਖਨ ॥ਸੀਅਤ ਪ੍ਰਧਾਨ ਮੰਤਰੀ ਡਾ ਮਨਮੋਹਨ ਸਿੰਘ, 2004
